• 首页
  • 本馆介绍
  • 公告通知
  • 最新文献
  • 馆藏检索
  • 电子资源
  • 读者导购
  • 参考咨询
  • 我的图书馆
  • 登录
  • 详细信息显示
  • 放入我的书架
  • 预约/预借图书
  • 作者相关作品
  • 分类相关作品
  • 丛书相关作品
  • 出版社相关作品

书目信息

  • 表格格式
  • 工作单格式
  • 卡片格式
题名:
聚合物共混改性原理及技术
    
 
作者: 陈绪煌 , 彭少贤 主编
分册:  
出版信息: 北京   化学工业出版社  2011.08
页数: 154页
开本: 26cm
丛书名:
单 册:
中图分类: TQ316.6
科图分类:
主题词: 高聚物--共聚改性--高等教育--教材 , 高聚物 , 共聚改性
电子资源:
ISBN: 978-7-122-11612-3
000 00950nam0 2200277 450
001 010010082650
005 20140609085042.87
010    @a978-7-122-11612-3@dCNY20.00
100    @a20110823d2011 em y0chiy50 ea
101 0  @achi
102    @aCN@b110000
105    @aak z 000yy
106    @ar
200 1  @a聚合物共混改性原理及技术@9ju he wu gong hun gai xing yuan li ji ji shu@f陈绪煌,彭少贤主编
210    @a北京@c化学工业出版社@d2011.08
215    @a154页@c图@d26cm
300    @a普通高等教育“十二五”规划教材
330    @a本书内容以聚合物共混改性体系制备过程为主线,包括共混热力学、增容、界面形成及表征、相形态及其演变、制备及设备、增韧改性以及共混体系性能。
606 0  @a高聚物@x共聚改性@x高等教育@j教材
606 0  @a高聚物
606 0  @a共聚改性
690    @aTQ316.6@v4
701  0 @a陈绪煌@9chen xu huang@4主编
701  0 @a彭少贤@9peng shao xian@4主编
801  0 @aCN@bRENTIAN@c20110823
905    @b548252-55@dTQ316.6@e9@f4
    
    聚合物共混改性原理及技术/陈绪煌,彭少贤主编.-北京:化学工业出版社,2011.08
    154页:图;26cm
    普通高等教育“十二五”规划教材
    
    ISBN 978-7-122-11612-3:CNY20.00
    本书内容以聚合物共混改性体系制备过程为主线,包括共混热力学、增容、界面形成及表征、相形态及其演变、制备及设备、增韧改性以及共混体系性能。
●
相关链接 在E读中查询图书 在五车中查询图书 在当当中查询图书 在豆瓣中查询图书


正题名:聚合物共混改性原理及技术     索取号:TQ316.6/9         预约/预借

序号 登录号 条形码 馆藏地/架位号 状态 备注
1 548252   205482529   第二样本阅览室/ [索取号:TQ316.6/9] 在馆    
2 548253   205482538   密集书库-化学系/ [索取号:TQ316.6/9] 在馆    
3 548254   205482547   第三借阅区/ [索取号:TQ316.6/9] 在馆    
4 548255   205482556   第三借阅区/ [索取号:TQ316.6/9] 在馆    
唐山师范学院图书馆 欢迎您!
大连网信软件有限公司© 版权所有